000
00320nam a2200121Ia 4500
008
190415s9999 xx 000 0 und d
082
_a
RR.004;
100
_a
Rastogi, S.R.
245
0
_a
Socio-psychological effects of sterlization : A study of acceptors in rural Utta
260
_c
1983
300
_a
73p.
942
_c
BK
999
_c
20475
_d
20475